00895cam a2200241 a 45000010009000000050017000090080041000260200022000670200025000890200022001140200025001360820021001611000031001822450052002132600068002653000034003335040066003676500035004336530022004689420012004909990017005029520134005191621880520130203141151.0100505s2010 enka b 001 0 eng d a0521888727 (hbk.) a9780521888721 (hbk.) a0521717027 (pbk.) a9780521717021 (pbk.)04a338.477222bTOW1 aTowse, Ruth,d1943-93235512aA textbook of Cultural Economics /cRuth Towse. aCambridge, UK ;aNew York :bCambridge University Press,c2010. axxv, 600 p. :bill. ;c26 cm. aIncludes bibliographical references (p. [559]-571) and index. 0aArtsxEconomic aspects.932356 bPolcFebruary2013 2ddccBB c17215d17187 00102ddc40708MERICaMAINbMAINc1STd2013-02-03epurchaseg408.00h000262l0o338.477 TOWp000027982r2025-07-15 00:00:00yBB